| 000 | 00537nam a2200169Ia 4500 | ||
|---|---|---|---|
| 999 |
_c20098 _d20098 |
||
| 003 | OSt | ||
| 005 | 20200701135611.0 | ||
| 008 | 190216s9999||||xx |||||||||||||| ||und|| | ||
| 040 | _coclc | ||
| 082 |
_a909.097671 _bWOJ/C |
||
| 100 |
_aWojtilla, Gyula _93405 |
||
| 245 | 0 |
_aContribution Of Islam To World Civilization And Culture / _cGyula Wojtilla |
|
| 260 |
_bLight&Life Publishers, _c1983. _aNew Delhi: |
||
| 300 | _a185p | ||
| 650 | _aIslamic History | ||
| 942 |
_cBK _2ddc _h909.097671 _iWOJ/C _k909.097671 _mWOJ/C |
||